Britské železnice vo víre privatizácie. Renesancia Jantárovej cesty? Zo sveta medzinárodnej dopravy

Pokračovanie privatizačného procesu železníc vo Veľkej Británii. Dosiaľ plne nevyužité možnosti dunajskej vodnej cesty v Bratislave. Zo sveta medzinárodnej dopravy: Spor Lotyšsko - Rusko. Zvýšenie taríf v ČR. Najväčší aerosalón v histórii Číny. Obnovenie Panamského prieplavu. Canadian Airlines "volá...

Descrizione completa

Salvato in:
Dettagli Bibliografici
Autore principale: Tomová, A.
Natura: Capitolo di libro
Lingua:slovacco
Soggetti:
Tags: Aggiungi Tag
Nessun Tag, puoi essere il primo ad aggiungerne!!

MARC

LEADER 00000naa a2200000 4500
001 r022186
005 20230801110032.1
041 0 |a slo 
044 |a SK 
245 1 0 |a Britské železnice vo víre privatizácie. Renesancia Jantárovej cesty? Zo sveta medzinárodnej dopravy  |c A. Tomová 
520 |a Pokračovanie privatizačného procesu železníc vo Veľkej Británii. Dosiaľ plne nevyužité možnosti dunajskej vodnej cesty v Bratislave. Zo sveta medzinárodnej dopravy: Spor Lotyšsko - Rusko. Zvýšenie taríf v ČR. Najväčší aerosalón v histórii Číny. Obnovenie Panamského prieplavu. Canadian Airlines "volá" o pomoc. Druhý tunel pod La Manche? 
610 2 0 |a Veľká Británia 
610 2 0 |a svet 
610 2 0 |a Bratislava 
610 2 0 |a doprava 
610 2 0 |a železnice 
610 2 0 |a British Railway 
610 2 0 |a doprava medzinárodná 
610 2 0 |a doprava vodná 
610 2 0 |a Rýn-Mohan-Dunaj 
100 1 |a Tomová, A.